00799cam a22002411 4500001001300000003000400013005001700017008004100034010001700075035001900092040007000111042001200181050002000193082001200213110003900225245004600264260008100310300003100391490002900422650002700451810006200478999001700540hew67000078 DLC20260227111516.0801211s1967 dcua f000 0 eng c ahew67000078  a(OCoLC)7025922 aU.S. Dept. of Health, Education, and Welfare. LibrarycKyLoUdDLC apremarc00aHV699b.A3 1967 a362.8/21 aUnited States.bChildren's Bureau.10aHomemaker service, how it helps children. a[Washington,bFor sale by the Supt. of Docs., U.S. Govt. Print. Off.,c1967] a24 p.billus.c21 x 27 cm.1 aIts Publicationvno. 443 0aVisiting housekeepers.1 aUnited States.bChildren's Bureau.tPublicationvno. 443. c34693d34693